Návrh zariadenia na regeneráciu filtrov pevných častíc

Salvato in:
Dettagli Bibliografici
Autore principale: Štrba, Ján, 1978- (Autore)
Altri autori: Petrák, Peter, 1955- (Relatore della tesi)
Natura: Manoscritto Libro
Lingua:slovacco
Pubblicazione: Bratislava : STU v Bratislave SjF, 2011
Soggetti:
Accesso online:VAIS
Tags: Aggiungi Tag
Nessun Tag, puoi essere il primo ad aggiungerne!!

MARC

LEADER 00000ntm a22000003a 4500
001 stu240114
005 20150617230207.8
008 111210s2011----xo------------------slo-d
040 |a STU  |b slo 
041 0 |a slo 
044 |a xo 
100 1 |a Štrba, Ján,  |d 1978-  |4 aut  |u J0030  |U SjF Strojnícka fakulta  |T SjF Ústav dopravnej techniky a konštruovania  |X 29561  |U J0030  |Y 806  |7 A000029561 
242 0 0 |a Projection of equipment for recovery run of particle filter   |y eng 
245 1 |a Návrh zariadenia na regeneráciu filtrov pevných častíc 
260 |a Bratislava :  |b STU v Bratislave SjF,  |c 2011 
650 7 |a automobily, lode a spaľovacie motory  |2 stusub 
650 7 |a Automobiles, Ships and Combustion Engines  |2 estusub 
650 7 |a regenerácia  |2 stusub 
700 1 |a Petrák, Peter,  |d 1955-  |4 ths  |u J0030  |U SjF Strojnícka fakulta  |T SjF Ústav dopravnej techniky a konštruovania  |X 2414  |U J0030  |Y 806  |7 A000002414 
856 4 |a info a plný text  |u http://is.stuba.sk/zp/portal_zp.pl?podrobnosti=72357  |3 VAIS 
996 |b 284J041947  |c J*1181/DP  |l JJSK  |s A  |a 24  |w stu240114_0001